The Enlightenment : A brief history with documents
Gain insight into The Enlightenment from the era's most influential thinkers as Enlightenment explores the impact this time period had on the political, religious, and educational landscape of the day.
Guardado en:
| Autor principal: | |
|---|---|
| Formato: | Libro |
| Lenguaje: | Vietnamese |
| Publicado: |
Boston
Bedford/St. Martin's
2017
|
| Edición: | 2nd ed. |
| Colección: | The Bedford series in history and culture
|
| Materias: | |
| Etiquetas: |
Agregar Etiqueta
Sin Etiquetas, Sea el primero en etiquetar este registro!
|
| Thư viện lưu trữ: | Thư viện Trường Đại học Nam Cần Thơ |
|---|
| LEADER | 01033nam a22002297a 4500 | ||
|---|---|---|---|
| 001 | NCT_83508 | ||
| 008 | 200727b xxu||||| |||| 00| 0 vie d | ||
| 999 | |c 4110 |d 4110 | ||
| 020 | |a 9781319048860 | ||
| 082 | 0 | 4 | |2 23rd ed. |a 509 |b J17 |
| 100 | 1 | |a Jacob, Margaret C. | |
| 245 | 1 | 0 | |a The Enlightenment : |b A brief history with documents |c Margaret C. Jacob |
| 250 | |a 2nd ed. | ||
| 260 | |a Boston |b Bedford/St. Martin's |c 2017 | ||
| 300 | |a ix, 197 p. |b Map and ill. |c 21cm | ||
| 490 | 0 | |a The Bedford series in history and culture | |
| 504 | |a Includes bibliographies and index | ||
| 520 | 3 | |a Gain insight into The Enlightenment from the era's most influential thinkers as Enlightenment explores the impact this time period had on the political, religious, and educational landscape of the day. | |
| 653 | |a Tham khảo | ||
| 942 | |2 ddc |c BK | ||
| 952 | |0 0 |1 0 |2 ddc |4 0 |6 509_000000000000000_J17 |7 0 |9 20144 |a 000001 |b 000001 |d 2020-07-27 |o 509 J17 |p TK.01061 |r 2020-07-27 |w 2020-07-27 |y BK | ||
| 980 | |a Thư viện Trường Đại học Nam Cần Thơ | ||


